000 00261nam a22001217a 4500
008 170301b xxu||||| |||| 00| 0 eng d
041 _aeng
080 _a61
100 _a6
101 _aSHM
245 _aA MANUAL OF DENTAL ANESTHESIA
_cARCHER
942 _2udc
_cBK
999 _c6512
_d6512